Treinta años de novela española 1938-1968 (Registro nro. 14767)
[ vista simple ]
| 000 -CABECERA | |
|---|---|
| Longitud fija campo de control | 00666nam a22002171 4500 |
| 001 - NÚMERO DE CONTROL | |
| Número de control | bimo0001011873 |
| 003 - IDENTIFICADOR DELl NÚMERO DE CONTROL | |
| Identificador del número de control | OSt |
| 005 - FECHA Y HORA DE LA ÚLTIMA TRANSACCIÓN | |
| Fecha y hora de la última transacción | 20141027093415.0 |
| 008 - CÓDIGOS DE INFORMACIÓN DE LONGITUD FIJA | |
| Códigos de información de longitud fija | 920725s1970 sp spa |
| 040 ## - FUENTE DE LA CATALOGACIÓN | |
| Centro transcriptor | BMC |
| 082 ## - NÚMERO DE LA CLASIFICACIÓN DECIMAL DEWEY | |
| Númeroo de clasificación | 865.64 |
| 100 1# - PUNTO DE ACCESO PRINCIPAL-NOMBRE DE PERSONA | |
| Nombre de persona | Iglesias, Antonio |
| 9 (RLIN) | 26861 |
| 245 10 - MENCIÓN DE TÍTULO | |
| Título | Treinta años de novela española 1938-1968 |
| Número de parte o sección de la obra | Vol. I |
| Mención de responsabilidad, etc. | Antonio Iglesias Laguna |
| 250 ## - MENCIÓN DE EDICIÓN | |
| Mención de edición | 2ª ed |
| 260 ## - PUBLICACIÓN, DISTRIBUCIÓN, ETC. (PIE DE IMPRENTA) | |
| Lugar de publicación, distribución, etc. | Madrid |
| Nombre del editor, distribuidor, etc. | Prensa Española |
| Fecha de publicación, distribución, etc. | 1970 |
| 300 ## - DESCRIPCIÓN FÍSICA | |
| Extensión | 394 p. |
| Dimensiones | 21 cm |
| 490 0# - MENCIÓN DE SERIE | |
| Mención de serie | Los Tres Dados |
| 505 ## - NOTA DE CONTENIDO CON FORMATO | |
| Nota de contenido con formato | En la port.: Premio Nacional de Literatura "Emilia Pardo Bazán 1969" |
| 650 24 - PUNTO DE ACCESO ADICIONAL DE MATERIA - TÉRMINO DE MATERIA | |
| Término de materia o nombre geográfico como elemento inicial | Novela española |
| Subdivisión cronológica | S.XX |
| Subdivisión de materia general | Historia y crítica |
| 9 (RLIN) | 18943 |
| 942 ## - ENTRADA DE ELEMENTOS AGREGADOS (KOHA) | |
| Fuente de clasificaión o esquema | Dewey Decimal Classification |
| Koha [por defecto] tipo de item | 1- Monografias |
| Suprimido | Perdido | Fuente de clasificación o esquema | Estropeado | Restricciones de uso | No para préstamo | Código de colección | Localización permanente | Localización actual | Localización en estanter&íacute;as | Fecha adquisición | Fuente de adquisición | Número de inventario | Préstamos totales | Signatura completa | Código de barras | Fecha última consulta | Coste, precio reemplazado | Fecha del precio de reemplazo | Tipo de item de Koha |
|---|---|---|---|---|---|---|---|---|---|---|---|---|---|---|---|---|---|---|---|
| NULL | NULL | Dewey Decimal Classification | NULL | Prestable | NULL | NULL | Biblioteca Miguel de Cervantes - UNICAES | Biblioteca Miguel de Cervantes - UNICAES | Sala Principal | 20/10/2014 | Donación - UNAV. | 023276 | 865.64 IGL tre | 1023735 | 20/10/2014 | 17.20 | 20/10/2014 | 1- Monografias |